00511nam a2200193 a 4500001001300000003000900013005001700022008004100039020001000080082001600090100002300106245002100129260003700150300000800187500003500195505004100230650002300271700002300294nice12345678IN_TiNIC20260116011323.0050524s1923 hyda grp 000 0 ara  ac10000a181.07bSHA aShafai Al, Ali Bin aIstahsanul Khauz aHyderabadbDairatul Maarifc1923 a12p aincludes index and biblioraphy2 a12 Volumes in Bounded in Six Volumes aPhilosophy-Islamic1 aShafai Al, Ali Bin